000 00708nam a2200265Ia 4500
005 20260121172933.0
008 008 260114s9999 xx 000 0 eng d
020 _a9783030893002
037 _aEBOOK
040 _aCRL
040 _beng
040 _cCRL
041 _2eng
041 _aeng
084 _qCRL
100 _aValentina Georgoulas, Joel W. Robbin, Dietmar Arno Salamon
_91094595
245 4 _aThe Moment-Weight Inequality and the Hilbert–Mumford Criterion
260 _bSpringer
260 _bSpringer
260 _c2021
856 _uhttps://link.springer.com/openurl?genre=book&isbn=978-3-030-89300-2
942 _cEBOOK
999 _c1660337
_d1660337